000 00492nam a22001937a 4500
003 MPLRDC
005 20220104143218.0
008 210129b ||||| |||| 00| 0 eng d
020 _a7-80048-032-1
082 _a420 HXL c.2
100 _a胡晓林、韩露编
245 _a生活起居百忌
_c
250 _a一版一刷
260 _a
_b中国集邮出版社
_c1988
300 _b
490 _a生活百忌小丛书
650 _a家事;家政总论
942 _cBK
_o420 HXL c.2
999 _c37699
_d37689